Score 0/12 Timer 04:00
2 Plays Today
Image Character % Correct
Col 4Waldo
91.4%
Col 3Mickey Mouse
82.4%
Col 3Batman
75%
Col 1Luigi
68.3%
Col 1The Grinch
47.7%
Col 3Tinker Bell
40.2%
Col 2The Invisible Man/Woman
40%
Col 1Stewie Griffin
34.6%
Col 4Betelgeuse
33.5%
Col 2Yoda
28.8%
Col 4Supergirl
27%
Col 2The Thing
13.6%
Come Together.
Have Fun.
All Virtual.
We all need to come together. Play Sporcle's virtual live trivia to have fun, connect with people, and get your trivia on. Join a live hosted trivia game for your favorite pub trivia experience done virtually. If a virtual private party is more your thing, go here for details.

You're not logged in!

Compare scores with friends on all Sporcle quizzes.
OR
Log In

Sporcle TV

Today on Sporcle TV


Watch our educational content, quiz creation guides, and fun videos on Sporcle TV.

Show Comments

Extras

Top Quizzes Today


Score Distribution

Paid Content

Your Account Isn't Verified!

In order to create a playlist on Sporcle, you need to verify the email address you used during registration. Go to your Sporcle Settings to finish the process.

Report this User

Report this user for behavior that violates our Community Guidelines.

Details: